000 01133nam a22003257a 4500
003 CHAP
005 20220329133205.0
008 971013s1989 r 00010 d
010 _a3182
011 _a4154
035 _a3356
040 _cCHAP
082 _a630.72058
_bU5
110 _aUniversidad Nacional Autónoma de México. Facultad de Medicina Veterinaria y Zootecnia
_9116531
245 _aInvestigación agropecuaria en México
_b: directorio
260 _aMéxico, D. F. :
_bLa Universidad,
_c1989
300 _a392 p
500 _aD48-244
590 _aBATCH-UPD
_b10
_c20130110
_lUCH01
_h0224
590 _aBATCH-UPD
_b10
_c20130110
_lUCH01
_h1015
590 _aBATCH-UPD
_b10
_c20130409
_lUCH01
_h2245
590 _aBATCH-UPD
_b10
_c20130913
_lUCH01
_h2058
590 _aCONVERSION
_b10
_c20130109
_lUCH01
_h1303
650 1 4 _aAgricultura
_xInvestigación
_xDirectorios.
_91612
650 1 4 _aAgricultura
_xInvestigación
_xMéxico.
_91643
901 _aBK
942 _cLIBRO
949 _a630.72058 U5
_bBC
_cC
_d33724000563888
_eC
_fc.2
_h80789
_i3356
_mD
_si
949 _a630.72058 U5
_bBC
_cC
_d33724000563896
_eC
_h80788
_i3356
_mD
_si
999 _c3182
_d3182